000 00422nam a2200181Ia 4500
003 OSt
005 20250823095738.0
008 250729s1900 xx 000 0 und d
040 _cAL
041 _aeng
082 _a304.6 RAJP
100 _aRaju B Joseph
_9221979
245 _aPopulation education
260 _aNew Delhi
_bSonali Publication
300 _a377p
650 _aEducation
_9221980
942 _2ddc
_cBED
999 _c235251
_d235251